| 000 | 00671nam a2200253 a 4500 | ||
|---|---|---|---|
| 005 | 20210219153101.0 | ||
| 008 | 991125n 000 0 u | ||
| 035 | _aUPN01000077130 | ||
| 100 | _aPeterson, Daniel | ||
| 222 | _aPSYCHOLOGY IN THE SCHOOLS | ||
| 245 | _aEsaminer errors on the WRAT-R / [et al.] | ||
| 300 | _a205-208 | ||
| 362 | _a28, No. 3, 1991 | ||
| 505 | _aMarzo 1992 | ||
| 653 | 0 | _aDIAGNOSTICO EDUCATIVO | |
| 653 | 0 | _aERROR DE MEDICION | |
| 653 | 0 | _aINSPECTORES | |
| 653 | 0 | _aMODELOS DE ERROR | |
| 653 | 0 | _aPRUEBAS DE RENDIMINETO | |
| 700 | _aSteger, Helen S. | ||
| 700 | _aSlate, John R. | ||
| 904 |
_aAC _b014941 |
||
| 905 | _aArticulo | ||
| 999 |
_c68024 _d68024 |
||